Les français ayant joués au Real Madrid - Statistiques

Statistiques générales
  • Ce quiz a été pris 821 fois
  • Le résultat moyen est 10 sur 19
Statistiques - réponses
Poste Nombre de matchs Année Joueur % Correct
Attaquant 501 2009- Karim Benzema
99%
Milieu de terrain 1 2016-2017 Enzo Zidane
97%
Gardien de but 2 2018-2019 Luca Zidane
97%
Milieu de terrain 227 2001-2006 Zinédine Zidane
97%
Défenseur 309 2011- Raphaël Varane
94%
Défenseur 22 2019- Ferland Mendy
87%
Gardien de but 8 2019- Alphonse Areola
84%
Milieu de terrain 145 2000-2003 Claude Makelele
66%
Milieu de terrain 117 2009-2012 Lassana Diarra
64%
Attaquant 101 1956-1959 Raymond Kopa
56%
Défenseur 23 2017-2019 Théo Hernandez
54%
Attaquant 32 1999-2000 Nicolas Anelka
49%
Attaquant 2 2009-2010 Julien Faubert
39%
Milieu de terrain 82 1997-2000 Christian Karembeu
37%
Attaquant 14 1914-1917 René Petit
15%
Milieu de terrain 77 1962-1965 Lucien Muller
3%
Milieu de terrain 1 1950-1951 Jean Luciano
1%
Défenseur 47 1950-1953 Louis Hon
1%
Attaquant 12 1902-1909 Pedro Parages
0%
Aucun quiz correspondant
Distribution des résultats
% des personnes avec chaque résultat
Percentile par nombre de réponses
Votre historique - résultats
Vous n’avez pas pris ce quiz